Five Biggest Hidden Cities by Country on a World Map - Statistics

General Stats
  • This quiz has been taken 2,021 times
    1,979 since last reset
  • The average score is 27 of 40
Answers on the Map
Answers color-coded by a green-red scale on the quiz's map according to % correct below.
 
Answer Stats
City % Correct
New York
97%
Los Angeles
96%
Rome
95%
Sydney
94%
Beijing
93%
Istanbul
93%
Chicago
92%
Ankara
91%
Shanghai
91%
Milan
90%
Cape Town
89%
Melbourne
89%
Caracas
88%
Johannesburg
88%
Naples
88%
Perth
88%
Lagos
86%
San Francisco
84%
Guangzhou
81%
Brisbane
78%
Washington DC
77%
Adelaide
75%
Turin
75%
Abuja
70%
Palermo
67%
Izmir
65%
Durban
63%
Tianjin
57%
Bloemfontein
53%
Kano
49%
Port Elizabeth
49%
Xiamen
47%
Maracaibo
39%
Bursa
33%
Ibadan
33%
Port Harcourt
29%
Adana
24%
Valencia
23%
Barquisimeto
13%
Maracay
13%
No matching quizzes found
Score Distribution
Percent of People with Each Score
Percentile by Number Answered
Your Score History
You have not taken this quiz since the last reset